LEADER 01192nam0-2200409---450- 001 990003144020403321 005 20060303152128.0 010 $a88-15-06568-7 035 $a000314402 035 $aFED01000314402 035 $a(Aleph)000314402FED01 035 $a000314402 100 $a20030910d1998----km-y0itay50------ba 101 0 $aita 102 $aIT 105 $ay-------001yy 200 1 $a<>nuova economia europea$fLoukas Tsoukalis$g[traduzione di Patrizia Collesi] 205 $aNuova ed. 210 $aBologna$cil Mulino$d1998 215 $a377 p.$d24 cm 225 1 $aStrumenti$iEconomia 454 0$12001$a<>New European Economy Revisited$951765 610 0 $aUnione europea$aFondi europei 610 0 $aUnione europea$aPolitica regionale 610 0 $aUnione europea$aStoria 676 $a338.94$v19$zita 700 1$aTsoukalis,$bLoukas$0125711 702 1$aCollesi,$bPatrizia 801 0$aIT$bUNINA$gRICA$2UNIMARC 901 $aBK 912 $a990003144020403321 952 $aO/1.2430 TSO/98$b18321$fSES 952 $aC 384$bs.i.$fDSS 959 $aSES 959 $aDSS 996 $aNew European Economy Revisited$951765 997 $aUNINA LEADER 01010cam a22002534i 4500 001 991000503319707536 008 030115s2002 sp b 001 0 spa 020 $a8495379465 035 $ab12626648-39ule_inst 040 $aDip.to Studi Giuridici$bita 082 0 $a323.119 100 1 $aClavero, Bartolome$0426574 245 10$aGenocidio y justicia :$bla destruccion de las Indias, ayer y hoy /$cBartolomé Clavero 260 $aMadrid :$bMarcial Pons,$c2002 300 $a173 p. ;$c21 cm 440 0$aHistoria.$pEstudios 650 0$aDiritti umani$zAmerica latina 907 $a.b12626648$b02-04-14$c03-03-04 912 $a991000503319707536 945 $aLE027 323.11 CLA01.01$g1$iLE027-12924$lle027$o-$pE20.00$q-$rl$s- $t0$u0$v0$w0$x0$y.i13122356$z03-03-04 945 $aLE023 323.119 CLA 1 1$g1$i2023000086230$lle023$o-$pE12.37$q-$rn$so $t0$u1$v0$w1$x0$y.i14249868$z12-06-06 996 $aGenocidio y justicia$9277321 997 $aUNISALENTO 998 $ale027$ale023$b03-03-04$cm$da $e-$fspa$gsp $h0$i1